00613nam a22001937a 450000500170000001000130001702000230003003500240005303700160007708200160009324500640010926000370017327000560021030000240026650000400029065000280033065000460035870000150040420240809172928.0 aB-159869 c950.00a8188583758 aB-159869 B-159881 bCen Lib/Ret a954.35bBEA aThe beautiful India : Andhra Pradesh cedited by S.A.Rahman aNew DelhibReference Pressc2005 bNew Delhia4831/24, Ansari Road, Darya Ganje110002 axii,446p.c22cm(Hb) aIncludes bibliographical references aAndhra Pradesh (India)  aLanguage and literature of Andhra Pradesh aS.A.Rahman